000
00340nam a2200145Ia 4500
100
_a
Siegel/ H..J.
942
_c
BK
654
_a
Computer
245
_a
Inte connections networks for large scale parallel processing
260
_b
Mc Graw Hill
_a
New York
_c
1992
082
_a
621.3851
300
_a
390
546
_a
ENGLISH
999
_c
34547
_d
34547